| 000 | 00445cam a2200169ua 4500 | ||
|---|---|---|---|
| 020 |
_a0-07-009500-0 _c791.35 |
||
| 041 |
_aeng _h |
||
| 082 |
_a551.5 _bBYE/GE |
||
| 100 | _aByers, Herace Robert . | ||
| 245 |
_aGeneral metereology / _cHerace Robert Byers. _hTextual Documents |
||
| 260 |
_a : _bLibrary of Congress Publications , _c1974. |
||
| 300 | _a461 ; . | ||
| 365 | _a791.35 | ||
| 504 | _a | ||
| 942 | _cBK | ||
| 999 |
_c7077 _d7077 |
||